[Event "Dortmund Sparkassen op-B"]
[Site "Dortmund"]
[Date "2008.07.01"]
[Round "3"]
[White "Gelashvili, Vakhtang"]
[Black "Babczyk, Roman"]
[Result "0-1"]
[WhiteElo "1730"]
[BlackElo "1856"]
[PlyCount "96"]
[EventDate "2008.06.30"]
[EventType "swiss"]
[EventRounds "9"]
[EventCountry "GER"]
[SourceTitle "EXT 2022"]
[Source "ChessBase"]
[SourceDate "2021.10.06"]
[SourceVersion "1"]
[SourceVersionDate "2021.10.06"]
[SourceQuality "1"]

1. d4 Nf6 2. c4 c5 3. dxc5 Na6 4. Nc3 Nxc5 5. g3 g6 6. Bg2 Bg7 7. Qc2 d6 8. e4 0-0 9. Bd2 Bd7 10. a4 a6 11. Nge2 Rc8 12. 0-0 Ng4 13. f4 f5 14. b4 Nxe4 15. h3 Nxc3 16. Nxc3 Nf6 17. Rac1 Bc6 18. Qb3 Kh8 19. a5 Bxg2 20. Kxg2 e5 21. fxe5 dxe5 22. Bg5 Qd3 23. Bxf6 Bxf6 24. c5 e4 25. Qd5 Rfd8 26. Qxd3 Rxd3 27. Ne2 Rd2 28. Rfe1 Bb2 29. Rcd1 Rcd8 30. Rxd2 Rxd2 31. Kf1 Kg7 32. Rb1 Kf6 33. Ke1 e3 34. Rd1 Ba3 35. Rb1 Bb2 36. Rd1 Rxd1+ 37. Kxd1 Ba3 38. Nc3 Ke5 39. Ke2 Bxb4 40. Na4 Kd4 41. Nb6 Bxa5 42. Nd7 Bb4 43. Nf8 Bxc5 44. Nxh7 Be7 45. g4 fxg4 46. hxg4 a5 47. g5 a4 48. Nf6 a3 0-1

[Event "Dortmund Sparkassen op-B"]
[Site "Dortmund"]
[Date "2008.06.30"]
[Round "1"]
[White "Lange, Hans Werner"]
[Black "Babczyk, Roman"]
[Result "0-1"]
[WhiteElo "1548"]
[BlackElo "1856"]
[PlyCount "100"]
[EventDate "2008.06.30"]
[EventType "swiss"]
[EventRounds "9"]
[EventCountry "GER"]
[SourceTitle "EXT 2022"]
[Source "ChessBase"]
[SourceDate "2021.10.06"]
[SourceVersion "1"]
[SourceVersionDate "2021.10.06"]
[SourceQuality "1"]

1. d4 Nf6 2. Nf3 g6 3. Bf4 c5 4. e3 cxd4 5. exd4 d6 6. h3 Bg7 7. Bb5+ Bd7 8. Bxd7+ Nbxd7 9. 0-0 0-0 10. Nbd2 Nd5 11. Bg3 N7f6 12. a3 b5 13. c4 bxc4 14. Nxc4 Rc8 15. Rc1 Nb6 16. Qe2 Nxc4 17. Rxc4 Rxc4 18. Qxc4 Qb6 19. b4 Ne4 20. Bf4 Qb7 21. d5 Nf6 22. Qc6 Rb8 23. Rd1 Qb5 24. Be3 a6 25. Ba7 Re8 26. Be3 Ne4 27. Nd4 Bxd4 28. Rxd4 Nf6 29. Bg5 Nd7 30. Qc2 Nb6 31. Qe4 Na4 32. Qf3 Nb6 33. Bh6 Nd7 34. Bf4 a5 35. Qd1 axb4 36. axb4 Nb8 37. Bh6 Na6 38. Qg4 Rb8 39. Qe4 Rb7 40. Rc4 Qd7 41. Qd4 f6 42. Be3 Rb5 43. Qc3 Kg7 44. Rh4 h5 45. g4 Rxb4 46. Bd4 hxg4 47. Rxg4 Rb1+ 48. Kg2 Qb5 49. Be3 Qxd5+ 50. Kg3 Rg1+ 0-1

[Event "Halver-ch"]
[Site "Halver"]
[Date "2005.01.21"]
[Round "1"]
[White "Babczyk, Roman"]
[Black "Lindemann, Siegfried"]
[Result "1-0"]
[WhiteElo "1902"]
[BlackElo "1482"]
[PlyCount "73"]
[EventDate "2005.01.21"]
[EventType "swiss"]
[EventRounds "9"]
[EventCountry "GER"]
[SourceTitle "EXT 2007"]
[Source "ChessBase"]
[SourceDate "2006.11.23"]
[SourceVersion "1"]
[SourceVersionDate "2006.11.23"]
[SourceQuality "1"]

1. e4 e6 2. d4 d5 3. Nc3 Bb4 4. Bd2 c5 5. exd5 cxd4 6. dxe6 Bxe6 7. Ne4 Bxd2+ 8. Qxd2 h6 9. Nf3 Nc6 10. Bb5 Nf6 11. Nxf6+ Qxf6 12. Qxd4 Qxd4 13. Nxd4 Bd7 14. Nxc6 bxc6 15. Bc4 0-0 16. 0-0-0 Bf5 17. Rd6 Rac8 18. Rhd1 Rfe8 19. h3 Rc7 20. Rd8 Kf8 21. Rxe8+ Kxe8 22. Re1+ Re7 23. Rxe7+ Kxe7 24. Kd2 f6 25. Bd3 Be6 26. Kc3 Kd6 27. Kb4 Kc7 28. Kc5 Bc8 29. a4 a5 30. Be4 Bd7 31. c3 f5 32. Bf3 g5 33. b4 axb4 34. cxb4 g4 35. hxg4 fxg4 36. Be4 Be8 37. b5 1-0

[Event "Dortmund op-B"]
[Site "Dortmund"]
[Date "2004.07.27"]
[Round "5"]
[White "Babczyk, Roman"]
[Black "Kissing, Bastian"]
[Result "1-0"]
[WhiteElo "1886"]
[BlackElo "1624"]
[PlyCount "33"]
[EventDate "2004.07.??"]
[EventType "swiss"]
[EventRounds "9"]
[EventCountry "GER"]
[SourceTitle "EXT 2006"]
[Source "ChessBase"]
[SourceDate "2005.11.24"]
[SourceVersion "1"]
[SourceVersionDate "2005.11.24"]
[SourceQuality "1"]

1. e4 c5 2. d4 cxd4 3. c3 dxc3 4. Nxc3 e6 5. Bc4 a6 6. a4 Qc7 7. Qe2 Bb4 8. Bd2 Ne7 9. Nf3 Nbc6 10. 0-0 0-0 11. Rfd1 Rd8 12. Rac1 Bxc3 13. Bxc3 d5 14. exd5 Nxd5 15. Bxd5 Rxd5 16. Rxd5 exd5 17. Qe8# 1-0

[Event "Dortmund op-B"]
[Site "Dortmund"]
[Date "2004.07.25"]
[Round "3"]
[White "Babczyk, Roman"]
[Black "Sennholz, Michael"]
[Result "1-0"]
[WhiteElo "1886"]
[BlackElo "1514"]
[PlyCount "49"]
[EventDate "2004.07.??"]
[EventType "swiss"]
[EventRounds "9"]
[EventCountry "GER"]
[SourceTitle "EXT 2006"]
[Source "ChessBase"]
[SourceDate "2005.11.24"]
[SourceVersion "1"]
[SourceVersionDate "2005.11.24"]
[SourceQuality "1"]

1. e4 e5 2. f4 d5 3. exd5 e4 4. Nc3 Nf6 5. d3 Bb4 6. Bd2 0-0 7. Nxe4 Bxd2+ 8. Qxd2 Re8 9. 0-0-0 Nxd5 10. Nf3 Nc6 11. h3 Bf5 12. Nc3 Ne3 13. Re1 Nxf1 14. Rhxf1 a6 15. g4 Bd7 16. Rxe8+ Bxe8 17. Ne4 Nd4 18. Nxd4 Qxd4 19. f5 Bc6 20. Qf2 Qd5 21. Kb1 Qe5 22. Re1 Re8 23. f6 Qa5 24. fxg7 Re6 25. Rf1 1-0

[Event "Luedenscheid district-ch"]
[Site "Luedenscheid"]
[Date "2003.10.04"]
[Round "?"]
[White "Babczyk, Roman"]
[Black "Bornemann, Karl Heinz"]
[Result "1-0"]
[WhiteElo "1841"]
[BlackElo "1579"]
[PlyCount "61"]
[EventDate "2003.10.03"]
[EventType "swiss"]
[EventRounds "7"]
[EventCountry "GER"]
[SourceTitle "EXT 2007"]
[Source "ChessBase"]
[SourceDate "2006.11.23"]
[SourceVersion "1"]
[SourceVersionDate "2006.11.23"]
[SourceQuality "1"]

1. e4 e5 2. f4 d6 3. Nf3 Bg4 4. Bc4 Bxf3 5. Qxf3 Nc6 6. Bb5 Nf6 7. Bxc6+ bxc6 8. fxe5 dxe5 9. d3 Bc5 10. Nd2 0-0 11. Nc4 Re8 12. Bg5 Re6 13. Rf1 Rb8 14. 0-0-0 Rb5 15. Qg3 Be7 16. Ne3 Nh5 17. Bxe7 Qxe7 18. Qf3 g6 19. g3 a5 20. Rf2 a4 21. a3 Rf6 22. Qe2 Rxf2 23. Qxf2 Qe8 24. Rf1 Qe6 25. Nc4 c5 26. Nxe5 f6 27. Nc4 g5 28. e5 Kg7 29. exf6+ Nxf6 30. Re1 Qf7 31. Qf5 1-0

[Event "Suedwestfalen Verbandsklasse 0203"]
[Site "Suedwestfalen"]
[Date "2003.02.23"]
[Round "7"]
[White "Hagedorn, Volker"]
[Black "Babczyk, Roman"]
[Result "0-1"]
[WhiteElo "2001"]
[BlackElo "1953"]
[PlyCount "80"]
[EventDate "2002.10.06"]
[EventType "team"]
[EventRounds "9"]
[EventCountry "GER"]
[SourceTitle "EXT 2007"]
[Source "ChessBase"]
[SourceDate "2006.11.23"]
[SourceVersion "1"]
[SourceVersionDate "2006.11.23"]
[SourceQuality "1"]

1. e4 c5 2. Nf3 d6 3. Bc4 e6 4. 0-0 Nc6 5. d4 cxd4 6. Nxd4 Be7 7. Be3 Nf6 8. Nc3 0-0 9. f3 a6 10. a4 d5 11. exd5 exd5 12. Nxc6 bxc6 13. Bb3 Re8 14. a5 Bd6 15. Bb6 Qe7 16. Re1 Be6 17. Na4 Nd7 18. Be3 Qh4 19. g3 Bxg3 20. hxg3 Qxg3+ 21. Kh1 Bh3 22. Rg1 Qh4 23. Qe1 Qh5 24. Rg3 d4 25. Bxd4 Rxe1+ 26. Rxe1 Bf5+ 27. Kg2 Bg6 28. Re7 Nf6 29. Bxf6 gxf6 30. Bxf7+ Kf8 31. Bxg6 hxg6 32. Rd7 Qf5 33. Nb6 Qxc2+ 34. Kh3 Qf5+ 35. Kh2 Re8 36. Rd2 Qxa5 37. Nd7+ Ke7 38. Rd4 Rh8+ 39. Kg2 g5 40. b4 Qa2+ 0-1

[Event "Suedwestfalen Verbandsklasse 0203"]
[Site "Suedwestfalen"]
[Date "2002.12.01"]
[Round "4"]
[White "Babczyk, Roman"]
[Black "Fiege, Joern Henning"]
[Result "1/2-1/2"]
[WhiteElo "1898"]
[BlackElo "1904"]
[PlyCount "81"]
[EventDate "2002.10.06"]
[EventType "team"]
[EventRounds "9"]
[EventCountry "GER"]
[SourceTitle "EXT 2007"]
[Source "ChessBase"]
[SourceDate "2006.11.23"]
[SourceVersion "1"]
[SourceVersionDate "2006.11.23"]
[SourceQuality "1"]
[WhiteTeam "Kreuztal Buschhuetten"]
[BlackTeam "Halver"]
[WhiteTeamCountry "GER"]
[BlackTeamCountry "GER"]

1. e4 c5 2. d4 cxd4 3. c3 Nf6 4. e5 Nd5 5. cxd4 d6 6. Nf3 Nc6 7. exd6 Qxd6 8. Be2 Bg4 9. Nc3 a6 10. 0-0 e6 11. Be3 Be7 12. Ne4 Qb4 13. Rb1 Bf5 14. a3 Qb6 15. Bd3 Rd8 16. Qe2 0-0 17. Rfd1 Rfe8 18. Ng3 Bxd3 19. Qxd3 Nxe3 20. fxe3 Rd7 21. Kf1 Red8 22. Qc2 g6 23. Ke2 e5 24. Nxe5 Nxe5 25. dxe5 Qb5+ 26. Kf3 Rxd1 27. Rxd1 Rxd1 28. Qxd1 Qxe5 29. Qd4 Bf6 30. Qxe5 Bxe5 31. b3 Bxg3 32. hxg3 Kf8 33. Ke4 Ke7 34. Ke5 h5 35. b4 b5 36. e4 f6+ 37. Kd5 Kd7 38. Kc5 Kc7 39. Kd5 Kd7 40. Kc5 Kc7 41. Kd5 1/2-1/2

[Event "Halver-ch"]
[Site "Halver"]
[Date "2002.09.20"]
[Round "2"]
[White "Babczyk, Roman"]
[Black "Schaefer, Arnold"]
[Result "0-1"]
[WhiteElo "1910"]
[BlackElo "1381"]
[PlyCount "56"]
[EventDate "2002.09.13"]
[EventType "tourn"]
[EventRounds "9"]
[EventCountry "GER"]
[SourceTitle "EXT 2007"]
[Source "ChessBase"]
[SourceDate "2006.11.23"]
[SourceVersion "1"]
[SourceVersionDate "2006.11.23"]
[SourceQuality "1"]

1. e4 e5 2. d4 exd4 3. c3 dxc3 4. Bc4 d6 5. Nxc3 c6 6. Nf3 Be6 7. Bxe6 fxe6 8. Qb3 Qd7 9. Ng5 d5 10. exd5 exd5 11. 0-0 Na6 12. Re1+ Ne7 13. Ne6 b6 14. Bg5 Nc7 15. Nxg7+ Kd8 16. Nh5 Kc8 17. Rac1 Qg4 18. Bxe7 Bxe7 19. Rxe7 Qxh5 20. Qa4 Qg5 21. Rce1 Kb7 22. h4 Qg6 23. h5 Qf6 24. Qc2 Rac8 25. Rxh7 Rhe8 26. Rxe8 Rxe8 27. Rxc7+ Kb8 28. Rh7 Re1+ 0-1

[Event "Suedwestfalen Verbandsklasse 0102"]
[Site "Suedwestfalen"]
[Date "2001.10.28"]
[Round "3"]
[White "Babczyk, Roman"]
[Black "Herfel, Manfred"]
[Result "1/2-1/2"]
[WhiteElo "1847"]
[BlackElo "1894"]
[PlyCount "76"]
[EventDate "2001.09.09"]
[EventType "team"]
[EventRounds "9"]
[EventCountry "GER"]
[SourceTitle "EXT 2007"]
[Source "ChessBase"]
[SourceDate "2006.11.23"]
[SourceVersion "1"]
[SourceVersionDate "2006.11.23"]
[SourceQuality "1"]
[WhiteTeam "Gosenbach/Eiserfeld"]
[BlackTeam "Halver"]
[WhiteTeamCountry "GER"]
[BlackTeamCountry "GER"]

1. e4 Nf6 2. e5 Nd5 3. d4 d6 4. c4 Nb6 5. f4 dxe5 6. fxe5 Bf5 7. Be3 e6 8. Nf3 Nc6 9. a3 Be7 10. Nc3 f6 11. exf6 Bxf6 12. Be2 0-0 13. 0-0 Na5 14. c5 Nd5 15. Nxd5 Qxd5 16. Rc1 Kh8 17. Bf4 Rac8 18. Ne5 Nc6 19. Nxc6 Qxc6 20. Be5 Bxe5 21. dxe5 Rcd8 22. Qe1 Be4 23. Rxf8+ Rxf8 24. Qg3 Qd5 25. b4 h6 26. Rd1 Qc6 27. h3 a5 28. Rd4 axb4 29. axb4 b6 30. Kh2 bxc5 31. bxc5 Bf5 32. Qc3 Be4 33. Qg3 Qa8 34. Rd7 Rg8 35. Rxc7 Qd5 36. Bh5 Bxg2 37. Bf7 Be4 38. Bxg8 Qd2+ 1/2-1/2